Hunger Games Districts - Statistics

General Stats
  • This quiz has been taken 43 times
  • The average score is 6 of 13
Answer Stats
Hint Answer % Correct
District 1 luxury
71%
District 11 agriculture
63%
District 12 mining
63%
District 13 graphite/nuclear
49%
District 3 lumber
49%
District 5 technology
49%
District 6 fishing
46%
District 7 grain
40%
District 8 livestock
40%
District 9 power
40%
District 2 masonry
34%
District 4 textiles
31%
District 10 transportation
31%
No matching quizzes found
Score Distribution
Percent of People with Each Score
Percentile by Number Answered
Your Score History
You have not taken this quiz